000 00699nam a22002177a 4500
999 _c3203
_d3203
005 20231107090029.0
008 231107b ||||| |||| 00| 0 eng d
020 _a9787107335556
040 _cKH8
082 _a495.186 ZON
100 _aZong zhu bian Wen Rumin
_eAuthor
245 _aYu wen : si nian ji
_b语文 : 四年级
_cZong zhu bian Wen Rumin
260 _aBeijing,
_bRen min jiao yu chu ban she 人民教育出版社,
_c2019
300 _a volumes :
_billustrations ;
_c26 cm
440 _a Yi wu jiao yu jiao ke shu
650 _aChinese language
650 _aChinese language Readers
650 _aChinese language Textbooks
700 _aRumin Wen
_qEditor
942 _2ddc
_cTR